000 00402nam a2200145Ia 4500
008 151021s9999 xx 000 0 und d
020 _a70038554
050 _aQD453.2.B373
245 _a_Physical Chemistry For The Life Sciences
260 _aUSA McGraw-Hill 1974
300 _ax,405p.;ill.
500 _aIncludes Index
650 _a_Molecula Structure
980 _a^d20110107 12:34:58^okilerai
999 _c5930
_d5930